La hierba de las noches

Đã lưu trong:
Chi tiết về thư mục
Tác giả chính: Modiano, Patrick (Tác giả)
Định dạng: Sách
Ngôn ngữ:Tiếng Tây Ban Nha
Được phát hành: Barcelona Anagrama S.A 2014
Phiên bản:2a. ed
Loạt:Panorama de Narrativas, 864
Những chủ đề:
Các nhãn: Thêm thẻ
Không có thẻ, Là người đầu tiên thẻ bản ghi này!

MARC

LEADER 00000cam a2200000 a 4500
001 UCB0068
003 CL-VaPUC
005 20240514135943.0
008 191206e20140000sp spa d
020 |a 9788433978943 
082 0 4 |a 843  |b MOD  |2 21 
100 1 |a Modiano, Patrick  |e author  |9 605360 
245 1 3 |a La hierba de las noches 
250 |a 2a. ed 
260 |a Barcelona  |b Anagrama S.A  |c 2014 
300 |a 166 p 
490 0 |a Panorama de Narrativas, 864 
583 |a last modification  |c 20191206 10:52:00  |k Rodrigo Vera 
650 0 0 |a Novela francesa  |9 264985 
650 0 0 |a Literatura francesa  |9 266330 
942 |c BK 
945 |a dcastane  |d 20191206 10:52:00 
999 |c 376294  |d 376292 
952 |0 0  |1 0  |3 erb  |4 0  |6 843_000000000000000_MOD_2014  |7 0  |8 A  |9 495665  |a BIBTEO  |b BIBTEO  |i 5607574  |o 843 MOD 2014  |p 5607574  |r 2025-01-17  |w 2020-01-06  |y BK  |z Catalogado en:20191206  |k ICR